ՀՀ Գիտությունների ազգային ակադեմիայի հիմնարար գիտական գրադարան  =   Fundamental Scientific Library of NAS RA

Անգլերէնէ-հայերէն արդի բառարան / (Record no. 237371)

MARC details
000 -LEADER
fixed length control field 00876nam a2200217 u 4500
001 - CONTROL NUMBER
control field 000585840
003 - CONTROL NUMBER IDENTIFIER
control field AM-YeHGA
005 - DATE AND TIME OF LATEST TRANSACTION
control field 20250617141354.0
008 - FIXED-LENGTH DATA ELEMENTS--GENERAL INFORMATION
fixed length control field 080616s1976 ai r 000 0 arm d
040 ## - CATALOGING SOURCE
Original cataloging agency AM-YeHGA
041 0# - LANGUAGE CODE
Language code of text/sound track or separate title arm
-- eng
090 ## - LOCALLY ASSIGNED LC-TYPE CALL NUMBER (OCLC); LOCAL CALL NUMBER (RLIN)
-- 238942
245 10 - TITLE STATEMENT
Title Անգլերէնէ-հայերէն արդի բառարան /
Statement of responsibility, etc. Աշխատասիր.՝ Մ. Գուշագճեան, Տ. Խնդրունի.
246 14 - VARYING FORM OF TITLE
Title proper/short title English-armenian Armenian-english modern dictionary
246 15 - VARYING FORM OF TITLE
Title proper/short title English-armenian modern dictionary
246 18 - VARYING FORM OF TITLE
Title proper/short title Անգլերէնէ-հայերէն հայերէնէ- անգլերէն արդի բառարան
260 ## - PUBLICATION, DISTRIBUTION, ETC.
Place of publication, distribution, etc. Պէյրութ :
Name of publisher, distributor, etc. Կ. Տօնիկեան եւ որդիք հրատ,
Date of publication, distribution, etc. 1976.
300 ## - PHYSICAL DESCRIPTION
Extent 416 էջ.
650 14 - SUBJECT ADDED ENTRY--TOPICAL TERM
Topical term or geographic name entry element Անգլերեն-հայերեն բառարան
Form subdivision Բառարաններ
700 1# - ADDED ENTRY--PERSONAL NAME
Personal name Խնդրունի, Տիգրան
Holdings
Withdrawn status Lost status Damaged status Not for loan Collection Home library Current library Date acquired Total checkouts Full call number Barcode Date last seen Price effective from Koha item type Public note
        General Fundamental Scientific Library Fundamental Scientific Library 28/12/2016   AI/18076 FL0061099 28/12/2016 28/12/2016 Գրքեր / Books 30 Days Loan


ՀՀ ԳԱԱ հիմնարար գիտական գրադարան
ՀՀ,Երևան 0019
Մարշալ Բաղրամյան 24/6
հեռախոս:(374-10) 52-47-50
Հետադարձ կապ

All site content, except where otherwise noted, is licensed under a
Creative Commons License